| 000 | 00845 a2200241 4500 | ||
|---|---|---|---|
| 005 | 20260107121246.0 | ||
| 008 | 260107b |||||||| |||| 00| 0 eng d | ||
| 020 | _a9953334366 (hbk) | ||
| 037 | _cREF | ||
| 040 |
_aCRL _cCRL |
||
| 041 |
_2ARB _aARB |
||
| 084 |
_aP111:4(X651)k 28P4 _bCRL |
||
| 245 |
_aQamoos al-sawaq wal-auraq malliya _b(Lexicon of stock market terms) |
||
| 260 |
_aBeirut, Lebanon: _bLibrairie du liban publishers, _c2002. |
||
| 300 | _a371p. | ||
| 365 |
_b1900.00 _cINR |
||
| 546 | _aEnglish-Arabic | ||
| 650 |
_aEnglish Language-Lexicon _9862538 |
||
| 650 |
_aArabic Language-Lexicon _9862539 |
||
| 650 |
_aStock Market _9862540 |
||
| 942 |
_cTB _2CC _n0 _hP111:4(X651)k 28P4 |
||
| 999 |
_c1435394 _d1435394 |
||